MARC details
| 000 -LEADER |
| fixed length control field |
01448nam a2200373Ka 4500 |
| 001 - CONTROL NUMBER |
| control field |
757857390 |
| 003 - CONTROL NUMBER IDENTIFIER |
| control field |
OCoLC |
| 005 - DATE AND TIME OF LATEST TRANSACTION |
| control field |
20250317084301.0 |
| 008 - FIXED-LENGTH DATA ELEMENTS--GENERAL INFORMATION |
| fixed length control field |
111020t20102010caua j 001 0 spa d |
| 020 ## - INTERNATIONAL STANDARD BOOK NUMBER |
| International Standard Book Number |
9781595669667 |
| Qualifying information |
paperback |
| 020 ## - INTERNATIONAL STANDARD BOOK NUMBER |
| International Standard Book Number |
1595669663 |
| Qualifying information |
paperback |
| 035 ## - SYSTEM CONTROL NUMBER |
| System control number |
(OCoLC)757857390 |
| 040 ## - CATALOGING SOURCE |
| Original cataloging agency |
JJJ |
| Language of cataloging |
eng |
| Transcribing agency |
JJJ |
| 092 ## - LOCALLY ASSIGNED DEWEY CALL NUMBER (OCLC) |
| Classification number |
636.2 Del |
| 100 1# - MAIN ENTRY--PERSONAL NAME |
| Personal name |
De la Bedoyere, Camilla. |
| Authority record control number |
https://id.loc.gov/authorities/names/n2004014845. |
| 240 10 - UNIFORM TITLE |
| Uniform title |
<a href="Cows.">Cows.</a> |
| Language of a work |
Spanish. |
| 245 10 - TITLE STATEMENT |
| Title |
Vacas / |
| Statement of responsibility, etc. |
by Camilla de la Bedoyere. |
| 264 #1 - PRODUCTION, PUBLICATION, DISTRIBUTION, MANUFACTURE, AND COPYRIGHT NOTICE |
| Place of production, publication, distribution, manufacture |
Irvine, CA : |
| Name of producer, publisher, distributor, manufacturer |
QEB Publishing, |
| Date of production, publication, distribution, manufacture, or copyright notice |
[2010] |
| 264 #4 - PRODUCTION, PUBLICATION, DISTRIBUTION, MANUFACTURE, AND COPYRIGHT NOTICE |
| Date of production, publication, distribution, manufacture, or copyright notice |
℗♭2010. |
| 300 ## - PHYSICAL DESCRIPTION |
| Extent |
24 pages : |
| Other physical details |
color illustrations ; |
| Dimensions |
24 cm. |
| 336 ## - CONTENT TYPE |
| Content type term |
text |
| Content type code |
txt |
| Source |
rdacontent. |
| 337 ## - MEDIA TYPE |
| Media type term |
unmediated |
| Media type code |
n |
| Source |
rdamedia. |
| 338 ## - CARRIER TYPE |
| Carrier type term |
volume |
| Carrier type code |
nc |
| Source |
rdacarrier. |
| 385 ## - AUDIENCE CHARACTERISTICS |
| Demographic group code |
age |
| Audience term |
Children |
| Source |
lcdgt. |
| 490 1# - SERIES STATEMENT |
| Series statement |
Animales de granja. |
| 500 ## - GENERAL NOTE |
| General note |
Includes index. |
| 520 ## - SUMMARY, ETC. |
| Summary, etc. |
Where do cows sleep? What is a herd? How big is a newborn calf? From fun in the fields to feeding time, find out all the facts about the daily life of farmyard animals. |
| 650 #0 - SUBJECT ADDED ENTRY--TOPICAL TERM |
| Topical term or geographic name as entry element |
Cows |
| Form subdivision |
Juvenile literature. |
| Authority record control number |
https://id.loc.gov/authorities/subjects/sh2009122231. |
| 650 #0 - SUBJECT ADDED ENTRY--TOPICAL TERM |
| Topical term or geographic name as entry element |
Farm life |
| Form subdivision |
Juvenile literature. |
| Authority record control number |
https://id.loc.gov/authorities/subjects/sh2008103574. |
| 655 #7 - INDEX TERM--GENRE/FORM |
| Genre/form data or focus term |
Literature. |
| Source of term |
lcgft |
| Authority record control number |
https://id.loc.gov/authorities/genreForms/gf2014026415. |
| 830 #0 - SERIES ADDED ENTRY--UNIFORM TITLE |
| Uniform title |
Animales de granja. |
| 907 ## - LOCAL DATA ELEMENT G, LDG (RLIN) |
| a |
.b356161249 |
| 942 ## - ADDED ENTRY ELEMENTS (KOHA) |
| Koha item type |
Libro/Book |